000
00294nam a22001337a 4500
008
170404b xxu||||| |||| 00| 0 eng d
020
_a
9780205200191
041
_a
eng
080
_a
574
100
_a
9
101
_a
shm
245
_a
PRIMATE BEHAVIORAL ECOLOGY
_c
STRIES, K.B
942
_2
udc
_c
BK
999
_c
9618
_d
9618